000 00381nam a2200157Ia 4500
008 230524s9999 xx 000 0 und d
082 _a621.389
_bKUM
100 _aK.Murugesh Kumar
_92467
245 0 _aD C Machines and Transformers
250 _a2DN
260 _aNEW DELHI
_bVikas
_c2005
300 _a529
500 _aQuantity Number: 2
650 _aElectrical
942 _cBK
999 _c6650
_d6650